Music Quiz

Random Music or Rock Quiz

Bands that start with P Quiz Stats

 Plays Quiz not verified by Sporcle

Challenge
Share
Tweet
Embed
Score 0/23 Timer 03:00
0 Plays Today
Song Band % Correct
Every Breath You TakeThe Police
95.2%
Every Rose has it's ThornPoison
90.5%
Comfortably NumbPink Floyd
88.9%
Even FlowPearl Jam
79.4%
Hey There DelilahPlain White T's
73%
Brass in PocketThe Pretenders
73%
Fight the PowerPublic Enemy
71.4%
Don't ChaPussycat Dolls
69.8%
PeachesThe Presidents of the USA
61.9%
Cowboys from HellPantera
60.3%
Smack My Bitch UpProdigy
54%
Last ResortPapa Roach
52.4%
Song Band % Correct
Go WestPet Shop Boys
44.4%
Common PeoplePulp
38.1%
Great PretenderThe Platters
36.5%
GiganticPixies
36.5%
Every You Every MePlacebo
27%
Glory BoxPortishead
25.4%
Earth AngelThe Penguins
25.4%
Booyaka 619POD
17.5%
Run like an AntelopePhish
14.3%
**** AuthorityPennywise
11.1%
Grind with MePretty Ricky
9.5%

You're not logged in!

Compare scores with friends on all Sporcle quizzes.
Join for Free
OR
Log In

You Might Also Like...

Show Comments

Extras

Top Quizzes Today


Score Distribution

Your Account Isn't Verified!

In order to create a playlist on Sporcle, you need to verify the email address you used during registration. Go to your Sporcle Settings to finish the process.

Report this User

Report this user for behavior that violates our Community Guidelines.

Details: